[Event "Jermuk Asrian Memorial 12th"]
[Site "Jermuk"]
[Date "2019.06.11"]
[Round "1"]
[White "Khudoyan, Artur"]
[Black "Sargsyan, Shant"]
[Result "0-1"]
[WhiteElo "1874"]
[BlackElo "2512"]
[PlyCount "50"]
[EventDate "2019.06.11"]
[EventType "swiss"]
[EventRounds "9"]
[EventCountry "ARM"]
[SourceTitle "CBM 191 Extra"]
[Source "ChessBase"]
[SourceDate "2019.09.30"]
[SourceVersion "1"]
[SourceVersionDate "2019.09.30"]
[SourceQuality "1"]

1. e4 c5 2. Nf3 a6 3. c3 d5 4. exd5 Qxd5 5. d4 Bg4 6. Be2 e6 7. 0-0 Nf6 8. c4 Qd8 9. Qa4+ Qd7 10. Qb3 Nc6 11. d5 exd5 12. cxd5 Nxd5 13. Rd1 0-0-0 14. Nc3 Nxc3 15. Qxc3 Qxd1+ 16. Bxd1 Rxd1+ 17. Ne1 Bd6 18. f3 Re8 19. Kf2 Rdxe1 20. Qxe1 Rxe1 21. Kxe1 Be6 22. Be3 Nb4 23. Rd1 Nc2+ 24. Kf2 Nxe3 25. Rxd6 Nd5 0-1